El Zarco /

Na minha lista:
Detalhes bibliográficos
Autor principal: Altamirano, Ignacio Manuel (autor)
Outros Autores: Millán, María del Carmen (introducción) (introducción)
Formato: Livro
Idioma:espanhol
Publicado em: México : Porrúa, 1971, c1969
Edição:7a edición
coleção:(Sepan Cuántos ; 61)
Assuntos:
Tags: Adicionar Tag
Sem tags, seja o primeiro a adicionar uma tag!

MARC

LEADER 00000nam^a2200000^a^4500
001 000094649
005 20250521000000.0
009 20260310092841.387
037 |a Acervo ITESO - Biblioteca 
041 |a ESP 
082 |a 082.  |b POR V. 61 
100 |a Altamirano, Ignacio Manuel  |e (autor) 
240 1 4 |a [El Zarco] 
240 1 4 |a [La navidad en las montañas] 
245 1 3 |a El Zarco /  |c I.M. Altamirano ; introd. de M.C. Millán. 
250 |a 7a edición 
264 4 |a México :  |b Porrúa,  |c 1971, c1969 
300 |a 125 p. 
336 |a texto  |b txt  |2 rdacontenido 
337 |a sin mediación  |b n  |2 rdamedio 
338 |a volumen  |b nc  |2 rdasoporte 
440 1 |a (Sepan Cuántos ;  |v 61) 
545 0 |a Ignacio Manuel Altamirano (1834-1893), escritor, periodista y político mexicano nacido en Tixtla, Guerrero; militó en las filas juaristas, se desempeñó como diputado, cónsul y presidente de la Suprema Corte de Justicia; fundó, al lado de Ignacio Ramírez, el Nigromante, y Guillermo Prieto, el periódico El Correo de México; y con Gonzalo A. Esteva, la revista literaria El Renacimiento. Su narrativa, circunscrita en la corriente del romanticismo, describe el paisaje mexicano que le sirve de fondo para mostrar las costumbres, valores y la situación nacional de su época. Entre sus obras destacan Rimas (1871); Clemencia (1869); Julia (1870); La navidad en las montañas (1871); Antonia (1872); El Zarco (1901, publicada de manera póstuma); y otras. 
649 |a XX 
650 |a Novela Mexicana 
650 |a Literatura Mexicana -  |y Siglo XIX 
650 |a Romanticismo (Literatura) -  |z México 
740 3 |a La navidad en las montañas /  |c I.M. Altamirano ; introd. de M.C. Millán. 
700 |a Millán, María del Carmen  |e (introducción) 
910 |a Fondo General 
920 |a Impresos - Libros 
930 |a Colección General 
940 |a Literatura 
905 |a 101 
901 |a 0500028775  |b IT1  |c LIT  |u 20250521 
902 |a https://opac.biblio.iteso.mx/vufind/Record/000094649